Valute dell'America del Sud - Statistics

Statistiche generali
  • Questo quiz è stato fatto 20 volte
  • Il punteggio medio è 8 su 12
Statistiche sulle risposte
Stato Valuta % Corretto
Argentina Peso argentino
92%
Cile Peso cileno
92%
Colombia Peso colombiano
92%
Uruguay Peso uruguaiano
92%
Guyana Dollaro della Guyana
77%
Ecuador Dollaro statunitense
77%
Suriname Dollaro surinamese
77%
Brasile Real brasiliano
62%
Venezuela Bolívar venezuelano
54%
Bolivia Boliviano
46%
Perù Nuevo sol
38%
Paraguay Guaraní paraguaiano
8%
Nessun quiz corrispondente trovato
Distribuzione punteggi
Percentuale di utenti per punteggio
Percentile per numero di risposta
I tuoi punteggi nel tempo
Non hai fatto questo quiz